[Event "Foment Martinenc op-C 17th"]
[Site "Barcelona"]
[Date "2015.05.23"]
[Round "5"]
[White "Ibanez Camara, Oscar"]
[Black "Goloubev Goloubeva, Maria"]
[Result "1-0"]
[WhiteElo "1815"]
[BlackElo "1736"]
[PlyCount "77"]
[EventDate "2015.04.25"]
[EventType "swiss"]
[EventRounds "9"]
[EventCountry "ESP"]
[SourceTitle "EXT 2017"]
[Source "ChessBase"]
[SourceDate "2016.10.25"]
[SourceVersion "1"]
[SourceVersionDate "2016.10.25"]
[SourceQuality "1"]

1. e4 e6 2. d4 d5 3. Nc3 Bb4 4. Bd2 Ne7 5. Nf3 c5 6. dxc5 Bxc5 7. e5 Nbc6 8. Na4 b6 9. Nxc5 bxc5 10. Bb5 Bd7 11. Bxc6 Bxc6 12. 0-0 Qc7 13. b4 0-0 14. bxc5 Bb5 15. Re1 Qxc5 16. Rb1 Ba4 17. Bb4 Qc7 18. Bd6 Qd7 19. Rb4 Bc6 20. Ng5 Rfe8 21. Qh5 h6 22. Qxf7+ Kh8 23. Nxe6 Ng8 24. Qxd7 Bxd7 25. Nc7 Rac8 26. Nxe8 Rxe8 27. Rb7 Bf5 28. Rxa7 Bxc2 29. Rc1 Bd3 30. f3 Bc4 31. Rb1 Kh7 32. Rbb7 Kg6 33. Rxg7+ Kh5 34. f4 d4 35. Ra4 Rc8 36. Rxc4 Rxc4 37. Rxg8 d3 38. Be7 d2 39. g4# 1-0

[Event "Foment Martinenc op-C 17th"]
[Site "Barcelona"]
[Date "2015.05.02"]
[Round "2"]
[White "Llados Masllorens, Josep"]
[Black "Goloubev Goloubeva, Maria"]
[Result "0-1"]
[WhiteElo "1668"]
[BlackElo "1736"]
[PlyCount "66"]
[EventDate "2015.04.25"]
[EventType "swiss"]
[EventRounds "9"]
[EventCountry "ESP"]
[SourceTitle "EXT 2017"]
[Source "ChessBase"]
[SourceDate "2016.10.25"]
[SourceVersion "1"]
[SourceVersionDate "2016.10.25"]
[SourceQuality "1"]

1. d4 e6 2. Nf3 f5 3. Bf4 h6 4. h3 Nf6 5. Nbd2 b6 6. e3 Bb7 7. Ne5 g5 8. Bh2 d6 9. Ng6 Rg8 10. Nxf8 Rxf8 11. b4 Nbd7 12. f3 Qe7 13. Rb1 e5 14. c3 Qe6 15. Bc4 d5 16. Bb3 Qe7 17. 0-0 exd4 18. exd4 Qe3+ 19. Kh1 0-0-0 20. Rc1 Rde8 21. Re1 Qf2 22. Bg1 Qh4 23. Bc2 Nh5 24. Nf1 Kd8 25. Rxe8+ Kxe8 26. Qe2+ Kd8 27. Re1 Nf4 28. Qe7+ Kc8 29. Bxf5 Bc6 30. Bxd7+ Bxd7 31. Qxf8+ Kb7 32. Re7 Bxh3 33. gxh3 Qxh3+ 0-1